000 00521nam a2200133Ia 4500
005 20260209120152.0
008 260209s9999||||xx |||||||||||||| ||und||
100 _aSiliveru Laxmi Tanuja
245 0 _aLaws masquerading as money bills : implications for rule of law and federalism in India
260 _aBangaloreBangalore
_bNLSIU, Bangalore
_c2024 - 2025
300 _a37 p. ; 25 cm.
700 _aMs. Aishwarya Birla - SupervisorMs. Aishwarya Birla - Supervisor
856 _uhttps://dans.nls.ac.in/handle/123456789/2467
999 _c217766
_d217766